000 00674nam a2200253Ia 4500
001 41410
005 20240114003419.0
007 ta
008 080319s2000 g b000 u asm u
020 _a81-7339-258-7
040 _aCotton College Assam
041 _aasm
082 _a891.412
_bDa 49 An
100 _aGoswami, Kesavananda Dev .
245 0 _aAnkiya Bhaona /
_cKesavananda Dev Goswami.
_hTextual Documents
250 _a3rd ed /
260 _aGuwahati :
_bBanalata ,
_c2000.
300 _a102pg ;
_c21cm.
500 _aIssued to the Deptt Assamese
653 _aAssamese Drama
942 _2ddc
_cBK
999 _c41378
_d41378